000 00446nam a2200157Ia 4500
008 230312s9999||||xx |||||||||||||| ||und||
020 _a9788130912028
082 _a530.1
_bGHA-S
100 _aGhatak, Ajoy
245 0 _aSpecial Theory of Relativity
260 _bViva
_aNew Delhi
_c2009
300 _a114
546 _aEng.
650 _aEngineering
_vMass energy relationship and lorentz transformations, Electrodynamics of moving
942 _cBK
999 _c1769
_d1769